书目信息 |
| 题名: |
天窗
|
|
| 作者: | 吴继路 编 ;杨梦林 | |
| 分册: | ||
| 出版信息: | 长沙 湖南少年儿童出版社 1983.5 |
|
| 页数: | 159页 | |
| 开本: | 20cm | |
| 丛书名: | ||
| 单 册: | ||
| 中图分类: | I287.6 | |
| 科图分类: | ||
| 主题词: | 儿童文学--中国 , 儿童文学--中国--丛书 | |
| 电子资源: | ||
| ISBN: | ||
| 000 | 00630nam0 2200229 45 | |
| 001 | 0312221749 | |
| 005 | 20040408170021.0 | |
| 010 | @dCNY0.68 | |
| 091 | @a10280.73 | |
| 100 | @a20031222d1983 km y0chiy0120 ea | |
| 101 | @achi | |
| 105 | @a z 000yy | |
| 200 | 1 | @a天窗@ATian Chuang@f吴继路等编@FWu Ji Lu Deng Bian@g杨梦林 |
| 210 | @a长沙@c湖南少年儿童出版社@d1983.5 | |
| 215 | @a159页@d20cm | |
| 606 | 0 | @a儿童文学@x中国 |
| 606 | 0 | @a儿童文学@x中国@x丛书 |
| 690 | @aI287.6@v3 | |
| 701 | 0 | @a吴继路@4编 |
| 702 | 0 | @a杨梦林@AYang Meng Lin |
| 801 | @aCN@bTSTCL@c20031222 | |
| 905 | @dI287.6@e126@f3@b143369-371@b105321@f1 | |
| 天窗/吴继路等编/杨梦林.-长沙:湖南少年儿童出版社,1983.5 |
| 159页;20cm |
| ISBN :CNY0.68 |
| ● |
| 相关链接 |
|
|
|
|
正题名:天窗
索取号:I287.6/126
 
预约/预借
| 序号 | 登录号 | 条形码 | 馆藏地/架位号 | 状态 | 备注 |
| 1 | 0105321 | 000893974 | 第二借阅区/ [索取号:I287.6/126] | 在馆 | |
| 2 | 0105322 | 000894018 | 第一样本阅览室/ [索取号:I287.6/126] | 在馆 | |
| 3 | 0143369 | 000894036 | 密集书库/ [索取号:I287.6/126] | 在馆 | |
| 4 | 0143370 | 000894027 | 密集书库/ [索取号:I287.6/126] | 在馆 | |
| 5 | 0143371 | 000894045 | 密集书库/ [索取号:I287.6/126] | 在馆 |